Prénoms féminins les plus donnés en 2008 - Statistiques

Statistiques générales
  • Ce quiz a été pris 173 fois
  • Le résultat moyen est 51 sur 100
Statistiques - réponses
Ordre Première lettre Réponses % Correct
1 E Emma
92%
27 J Julie
88%
2 L Léa
86%
31 L Lou
86%
11 Z Zoé
84%
24 M Marie
81%
5 C Chloé
80%
3 J Jade
80%
7 C Camille
79%
4 M Manon
79%
41 A Anna
76%
62 S Sara
76%
22 J Juliette
74%
8 C Clara
73%
6 I Inès
72%
12 L Louise
72%
17 L Lucie
70%
28 J Jeanne
68%
10 L Lola
68%
32 C Charlotte
65%
36 P Pauline
64%
52 J Julia
63%
34 L Laura
63%
29 L Lisa
63%
56 E Elise
62%
90 L Léana
62%
9 S Sarah
61%
19 L Léna
60%
15 L Lilou
60%
50 E Elisa
58%
13 E Eva
58%
25 M Mathilde
58%
18 R Romane
58%
48 A Alice
57%
55 E Emilie
57%
54 R Rose
57%
99 L Lina
56%
20 L Lina
55%
74 M Marine
55%
21 O Océane
55%
39 J Justine
54%
78 O Olivia
54%
43 N Nina
53%
30 N Noemie
52%
59 M Marion
51%
88 A Amélie
50%
14 A Anaïs
50%
46 L Lily
50%
76 L Lise
50%
40 L Louane
50%
71 C Carla
49%
63 E Eloise
49%
70 V Valentine
49%
33 C Clémence
48%
23 L Louna
48%
16 M Maelys
48%
45 M Margot
48%
35 A Ambre
47%
51 E Elsa
46%
97 M Mila
46%
80 V Victoria
46%
26 C Célia
44%
47 M Maelle
44%
70 S Sofia
44%
64 Y Yasmine
44%
57 L Léane
43%
44 L Luna
43%
49 L Lana
42%
58 L Léonie
42%
61 A Agathe
41%
37 A Alicia
41%
75 E Elena
41%
66 A Amandine
40%
87 H Héloise
40%
84 M Maya
39%
83 N Ninon
39%
42 M Mélissa
38%
86 A Adèle
37%
77 G Gabrielle
37%
60 M Mélina
37%
65 M Morgane
37%
95 E Elea
36%
100 C Clémentine
35%
98 F Fanny
35%
38 M Maeva
34%
93 E Emy
32%
67 F Faustine
32%
82 M Meline
32%
81 S Salomé
32%
72 C Candice
26%
53 T Thais
26%
69 A Anaelle
25%
96 A Andrea
25%
92 C Cassandra
25%
73 L Loane
24%
68 K Kenza
23%
94 A Aya
18%
85 A Angelina
14%
91 M Maissa
6%
89 C Christina
3%
Aucun quiz correspondant
Distribution des résultats
% des personnes avec chaque résultat
Percentile par nombre de réponses
Votre historique - résultats
Vous n’avez pas pris ce quiz